000 00467nam a2200181Ia 4500
001 11304
005 20260306162818.0
008 260306t1973||||xx |||||||||||||| ||spa||
041 _aESP
082 _a305.56985
_bH22
100 _aHarth-Terré, Emilio
_eAUT
245 0 _aNegros e indios:
_bun estamento social ignorado del Perú colonial
260 _c1973
300 _a173 páginas :
_c17 cm.
650 _aGEN
654 _aCHU
942 _cLIB
_dJUS
_fJUS
_2ddc
_n
999 _c11304
_d11304